|
|
|
|
| LEADER |
00000nam a2200000 i 4500 |
| 001 |
1/75286 |
| 008 |
080221s2005 eng d |
| 020 |
|
|
|a 978-1-4020-3630-9
|
| 020 |
|
|
|a 1-4020-3630-2
|
| 035 |
|
|
|l 10094881
|
| 040 |
|
|
|a GR-MY-UA
|b gre
|e aacr
|
| 041 |
0 |
|
|a eng
|
| 082 |
0 |
|
|a 519.82
|2 (22)
|
| 100 |
1 |
|
|a Breuer, Lothar.
|
| 245 |
1 |
3 |
|a An introduction to queueing theory and matrix-analytic methods /
|c by L. Breuer and D. Baum
|
| 260 |
|
|
|a Dordrecht, The Netherlands :
|b Springer,
|c c2005
|
| 300 |
|
|
|a xiv, 271 σ.;
|b εικ.;
|c 25 εκ.
|
| 504 |
|
|
|a Περιέχει βιβλιογραφικές παραπομπές (σ. [263]-267) και ευρετήριο
|
| 650 |
0 |
0 |
|a Queuing theory.
|
| 650 |
0 |
0 |
|a Markov processes.
|
| 700 |
1 |
|
|a Baum, D.
|
| 852 |
|
|
|a INST
|b SAMOS
|e 20080221
|h 519.82 BRE
|p 005300026804
|q 005300026804
|t BK
|y 0
|
| 901 |
|
|
|a BIBL3-2008-1
|
| 909 |
|
|
|a Σ
|b 142307
|
| 922 |
|
|
|a 3ΕΛΗ
|b 200712
|c ΕΠΕΑΕΚ2/ΤΜΗΜΑ ΜΑΘΗΜΑΤΙΚΩΝ
|d ΠΑΠΑΣΩΤΗΡΙΟΥ
|
| 970 |
|
|
|a ΡΟΥΣΣΟΥ
|b ΚΩΝΣΤΑΝΤΙΝΑ
|z 2008/02/21
|